Confiabilidad de equipos y sistemas /
Guardado en:
| Autor Principal: | |
|---|---|
| Autor Corporativo: | |
| Otros Autores: | |
| Formato: | Libro |
| Idioma: | Spanish |
| Publicado: |
Bahía Blanca :
[s.n.],
1981.
|
| Etiquetas: |
Agregar Etiqueta
Sin Etiquetas, Sea el primero en etiquetar este registro!
|
| LEADER | 00768nam a22001815a 4500 | ||
|---|---|---|---|
| 001 | MAT.inmabb006636 | ||
| 008 | 120813s1981####ag#a##########000#0#spa#d | ||
| 005 | 20170512171125.0 | ||
| 245 | 1 | 0 | |a Confiabilidad de equipos y sistemas / |c Gerardo Sylvester, Nélida Moretto de Donato. |
| 260 | |a Bahía Blanca : |b [s.n.], |c 1981. | ||
| 300 | |a 104 p. : |b il. ; |c 23 cm. | ||
| 500 | |a Publicación del Grupo de Estudio-Trabajo Carlos Dieulefait, del Departamento de Ciencias Exactas de la Universidad Nacional del Sur. | ||
| 100 | 1 | |a Sylvester, Gerardo A. | |
| 700 | 1 | |a Moretto de Donato, Nélida. | |
| 710 | 2 | |a Grupo de Estudio Trabajo Carlos Dieulefait. | |
| 084 | |a 90B25 (62N05) |2 msc2000 | ||
| 859 | |h 90 |i Sy985c |p A-5139 |b BIB. MATEMATICA | ||
| 859 | |h 90 |i Sy985c |p A-5140 |t Ej. 2 |b BIB. MATEMATICA | ||
